000 00275nam a2200121Ia 4500
008 190216s9999||||xx |||||||||||||| ||und||
100 _aNaresh Mishra
245 0 _aHindi-Ithihas Veedhi
260 _bYara Publication
_c2009
300 _a280
650 _aHindi
942 _cBK
999 _c16821
_d16821